Fallout 76 Regions - Statistics

General Stats
  • This quiz has been taken 4 times
  • The average score is 4 of 9
Answer Stats
Answer % Correct
Forest
100%
Mire
67%
Pitt
67%
Savage Divide
67%
Atlantic City
33%
Burning Springs
33%
Cranberry Bog
33%
Skyline Valley
33%
Toxic Lake Bed
0%
No matching quizzes found
Score Distribution
Percent of People with Each Score
Percentile by Number Answered
Your Score History
You have not taken this quiz